| 000 | 00350nam a22001337a 4500 | ||
|---|---|---|---|
| 008 | 181221b xxu||||| |||| 00| 0 eng d | ||
| 020 | _a9780205277759 | ||
| 041 | _aeng | ||
| 080 | _a316 | ||
| 100 | _a50 | ||
| 101 | _aSOC | ||
| 245 |
_aLiving Theory. The Application of Classical Social Theory of Contemporary Life _cHurst, Ch. E |
||
| 942 |
_2udc _cBK |
||
| 999 |
_c53678 _d53678 |
||